000 01086am a2200349a 44500
003 AR-BaBNM
005 20251128210206.0
008 099019s1998 #AR|||||||||||000 | spa||
020 _a84-7133-681-2
040 _cAR-BaBNM
245 1 0 _aLa cultura científica, un reto educativo
_bevaluación del curriculo e innovación de la enseñanza de las ciencias experimentales en la secundaria obligatoria
260 _aMadrid
_bLa muralla
_c1998
300 _a284 p.
490 0 _aAula abierta
504 _aContiene bibliografía al final de cada capítulo
650 4 _aCULTURA CIENTIFICA
650 4 _aCURRICULO
650 4 _aEVALUACION
650 4 _aCONCEPTOS CIENTIFICOS
650 4 _aSABER
650 4 _aDIFICULTADES EN EL APRENDIZAJE
650 4 _aENSEÑANZA DE LA CIENCIA
650 4 _aMATEMATICA
650 4 _aTECNOLOGIA
650 4 _aINVESTIGACION
650 4 _aESTUDIOS DE CASOS
653 _aEDUCACION SECUNDARIA
700 1 _aSáez Brezmes, María J.
_ecoordinador
800 1 _aCasanova, María Antonia
_edirector
942 _cBK
998 _cRaquel
999 _c14446
_d14446